000 00785nam a2200253Ia 4500
003 OSt
005 20220918171323.0
006 a|||||r|||| 00| 0
007 ta
008 220917b |||||||| |||| 00| 0 eng d
020 _a9781478011392 (pbk)
_cUKP 22.99
024 _a354,699
037 _b62546, 16/12/2021, Segment Book Distributors
_cTextual
040 _aARTS
_cARTS
_beng
041 _2eng
_aeng
082 _aN44(Q:31), R1
100 _aJain Kajri Au.
_935757
245 0 _aGods in the time of democracy
260 _aDurham
_bDuke University Press USA
_c2021
300 _a336p.
_ccm.
650 _aARTS; RELIGION
_935758
942 _hN44(Q:31), R1
_cTEXL
_2CC
999 _c139016
_d139016